| 000 | 01397nam a2200397 i 4500 | ||
|---|---|---|---|
| 001 | DIGVITED0021 | ||
| 003 | NyNyDIG | ||
| 007 | cr ||||||||||| | ||
| 008 | 231013s2023 ag o 000 j spa d | ||
| 006 | m o d | ||
| 035 | _a(OCoLC)1406037500 | ||
| 040 |
_aDGITA _beng _erda _epn _cDGITA |
||
| 020 |
_a9789508454348 _qeBook |
||
| 020 | _z9789508454287 | ||
| 050 | 1 | 4 | _aPQ7798.432.I88 ebook |
| 100 | 1 |
_aVitulli, Juan M., _eauthor. |
|
| 245 | 1 | 0 |
_aInteriores / _cJuan Vitulli. |
| 250 | _aPrimera edición. | ||
| 264 | 1 |
_aRosario : _bBeatriz Viterbo Editora, _c[2023] |
|
| 300 | _a1 online resource. | ||
| 336 |
_atext _btxt _2rdacontent |
||
| 337 |
_acomputer _bc _2rdamedia |
||
| 338 |
_aonline resource _bcr _2rdacarrier |
||
| 347 |
_atext file _2rdaft |
||
| 347 | _bEPUB | ||
| 490 | 1 | _aFicciones | |
| 588 | 0 | _aOnline resource; title from ePub title page (Digitalia, viewed October 13, 2023) | |
| 655 | 7 |
_aShort stories. _2lcgft |
|
| 791 | 2 |
_aDigitalia (Firm), _edistributor. |
|
| 793 | 0 |
_gDigitalia eBook Collection: _aBeatriz Viterbo Editora |
|
| 776 | 0 | 8 |
_iPrint version: _aVitulli, Juan M. _tInteriores. _bPrimera edición. _dRosario : Beatriz Viterbo Editora, [2023] _z9789508454287 |
| 830 | 0 | _aFicciones (Rosario, Argentina) | |
| 856 | 4 | 0 |
_3Digitalia Hispánica _uhttps://www.digitaliapublishing.com/a/128599/ |
| 910 | _aPremium collection: 2023 | ||
| 942 | _cRAA | ||
| 999 |
_c279664 _d279664 |
||